|
|
|
|
| LEADER |
00000nab a2200000 ar4500 |
| 001 |
vtls008964046 |
| 003 |
SK-MaSNL |
| 005 |
20260303070803.0 |
| 008 |
070413c2006 xo qr|p|||||||000 b|slo |
| 015 |
|
|
|a SNBRB2007/04
|2 snkbucl
|
| 038 |
|
|
|a SNKBUCL
|
| 040 |
|
|
|a SNKBUCL
|b slo
|c SNKBUCL
|e AACR2
|
| 041 |
0 |
|
|a cze
|
| 044 |
|
|
|a xo
|c SK
|
| 080 |
|
|
|a 654.924.5
|2 2001
|
| 100 |
1 |
|
|a Jaroš, Marek
|4 aut
|9 312837
|
| 245 |
1 |
0 |
|a Techniky neviditelné požární detekce
|c Marek Jaroš
|
| 300 |
|
|
|b Fotogr., sch.
|
| 650 |
0 |
7 |
|a detekcia požiarov
|2 snkbucl
|9 1049356
|
| 650 |
0 |
7 |
|a hlásiče požiarov
|2 snkbucl
|9 1040744
|
| 773 |
0 |
|
|t Alarm security magazín
|g Roč. VIII., č. 4 (2006), s. 11-12
|x 1335-504X
|
| 852 |
|
|
|a SNK
|b KIS3GCP
|
| 999 |
|
|
|c 1756927
|d 1758857
|